| 000 | 00496 a2200181 4500 | ||
|---|---|---|---|
| 003 | OSt | ||
| 005 | 20231204094849.0 | ||
| 008 | 231204b |||||||| |||| 00| 0 eng d | ||
| 020 | _a9789390574483 | ||
| 040 | _coclc | ||
| 082 |
_a894.8128 _bVIJ/B |
||
| 100 |
_aVijayan, M N _96720 |
||
| 245 |
_aBasheer / _cM.N. Vijayan |
||
| 250 | _a2nd ed. | ||
| 260 |
_aKozhikode: _bMathrubhumi Books, _c2021. |
||
| 300 | _a152p. | ||
| 942 |
_2ddc _cBK _h894.8128 _iVIJ/B _k894.8128 _mVIJ/B |
||
| 999 |
_c43944 _d43944 |
||